Contabilidad de costos de productos y servicios: una herramienta indispensable en la gestión competitiva de los negocios, teoria y práctica / Norberto Hernández, Iván Rodríguez (Registro nro. 21526)

Detalles MARC
000 -LEADER
fixed length control field 00782nam a2200229Ia 4500
001 - CONTROL NUMBER
control field 20588
003 - CONTROL NUMBER IDENTIFIER
control field DO-CoUTE
005 - DATE AND TIME OF LATEST TRANSACTION
control field 20260204212633.0
008 - FIXED-LENGTH DATA ELEMENTS--GENERAL INFORMATION
fixed length control field 220104s9999 dr 000 0 spa d
020 ## - INTERNATIONAL STANDARD BOOK NUMBER
International Standard Book Number 978-9945-16-520-3
040 ## - CATALOGING SOURCE
Original cataloging agency DO-CoUTE
Language of cataloging spa
Transcribing agency DO-CoUTE
041 0# - LANGUAGE CODE
Language code of text/sound track or separate title spa
082 ## - DEWEY DECIMAL CLASSIFICATION NUMBER
Classification number RD 657.42 H557c
100 1# - MAIN ENTRY--PERSONAL NAME
Personal name Hernández, Norberto
245 10 - TITLE STATEMENT
Title Contabilidad de costos de productos y servicios: una herramienta indispensable en la gestión competitiva de los negocios, teoria y práctica / Norberto Hernández, Iván Rodríguez
260 ## - PUBLICATION, DISTRIBUTION, ETC.
Place of publication, distribution, etc. Santo Domingo, República Dominicana : Triunfo Fast Printing
300 ## - PHYSICAL DESCRIPTION
Extent 304 páginas
700 1# - ADDED ENTRY--PERSONAL NAME
Personal name Rodriguez, Iván
942 ## - ADDED ENTRY ELEMENTS (KOHA)
Source of classification or shelving scheme Dewey Decimal Classification
Koha item type Libros
Existencias
Withdrawn status Lost status Source of classification or shelving scheme Damaged status Not for loan Collection code Home library Current library Date acquired Inventory number Total Checkouts Full call number Barcode Date last seen Copy number Price effective from Koha item type
    Dewey Decimal Classification     Colección Dominicana Biblioteca UTECO Biblioteca UTECO 01/02/2021 020234   RD 657.42 H557c 020234 03/30/2022 Ej.1 01/03/2021 Libros
© 2021 Derechos Reservados UTECO - Teléfono: +1 809-585-2291 - Correo electrónico: biblioteca@uteco.edu.do​  
Código postal 43000 ​​
Dirección: Avenida Universitaria No. 100, 
Cotuí, Provincia Sánchez Ramírez, República Dominicana - RNC: 404-00059-6